000 00626nam a2200241Ia 4500
001 16803
003 GE_BSU
008 181216s||||||||xx |||||||||||||| ||und||
020 _a9781471507885
040 _cGE_BSU
080 _a811.111(075.8)
100 _aEvans, Virginia. Dooley,Jenny
245 _aPrime Time 5. American English. Teacher's edition
260 _aNewbury
260 _bExpress Publishing
260 _c2013
300 _a120p.ill.30cm.
300 _e+Cd5 (Version 1). Class CDs
541 _h183Gel.34T.
653 _aPrime Time 1
653 _aინგლისური ენა
942 _cBK
999 _c49868
_d49868